Multiple morphotypy and parallel polymorphism in some neotropical frogs (Registro nro. 9212)

Detalles MARC
000 -CABECERA
Campo de control 004100000a22001450004500
090 ## - CLASIFICACIÓN LOCAL
Colección AR
Consecutivo 00111
041 0# - IDIOMA
Código de idioma para texto/pista de sonido o título separado
100 1# - ASIENTO PRINCIPAL--NOMBRE PERSONAL
Nombre personal Lynch, John D.
245 10 - MENCION DE TITULO
Título Multiple morphotypy and parallel polymorphism in some neotropical frogs
650 14 - ASIENTO SECUNDARIO DE MATERIA - TERMINO TEMATICO
Término temático o nombre geográfico como elemento de entrada Anfibios
650 14 - ASIENTO SECUNDARIO DE MATERIA - TERMINO TEMATICO
Término temático o nombre geográfico como elemento de entrada Fauna
650 14 - ASIENTO SECUNDARIO DE MATERIA - TERMINO TEMATICO
Término temático o nombre geográfico como elemento de entrada Morfología
773 1# - Item fuente:
Título Systematic Zoology
Especificación de materiales 466
Descripción física 1
Paginas del Articulo 18-23
Lugar, editorial y fecha de publicación 1966
Información sobre la relación 15
942 ## - ELEMENTOS ADICIONALES (KOHA)
Tipo de ítem Artículo
Existencias
Withdrawn status Lost status Sistema de Clasificación Damaged status No para préstamo Colección Ubicación Permanente Ubicación actual Fecha de adquisición Total Checkouts Número topográfico Inventario / Código de Barras Date last seen Ejemplar Price effective from Tipo de material
    Dewey Decimal Classification   No para Préstamo Hemeroteca Bogotá Bogotá 27/02/2015   AR 00111 Fuera de circulación 010342 25/03/2015 1 25/03/2015 Artículo